000 03962cam a22004937i 4500
001 22261723
003 BJBSDDR
005 20260507171345.0
006 a|||||r|||| 00| 0
007 ta
008 211004s2021 nhua rb 001 0 eng d
010 _a 2021286621
020 _a9781586422530 (paperback)
020 _a1586422537 (paperback)
035 _a22261723
035 _a(OCoLC)1253365337
040 _aTOH
_beng
_cTOH
_erda
_dCLE
_dOCLCO
_dGZD
_dVP@
_dOCLCO
_dOJ4
_dFMG
_dOCLCF
_dIH9
_dORX
_dDLC
041 _aeng
042 _alccopycat
043 _an-us---
050 1 4 _a002 E 178
_bS625t 2021
082 0 0 _a973
100 1 _aSjursen, Daniel A.
_948294
245 1 2 _aA true history of the United States :
_bindigenous genocide, racialized slavery, hyper-capitalism, militarist imperialism, and other overlooked aspects of American exceptionalism /
_cDaniel A. Sjursen.
264 1 _aLebanon, New Hampshire :
_bTruth to Power, an imprint of Steerforth Press,
_c2021.
300 _aix, 673 pages :
_billustrations ;
_c22 cm
336 _atext
_btxt
_2rdacontent
337 _aunmediated
_bn
_2rdamedia
338 _avolume
_bnc
_2rdacarrier
500 _a"An earlier version of this volume's contents appeared in serialized form at the truthdig.com website under the title 'American History for Truthdiggers'"--Title page verso.
504 _aIncludes bibliographical references (pages 653-655) and index.
505 0 _aOriginal sin--American slavery, American freedom -- Roots in religious zealotry -- Whose Empire? -- Patriots or insurgents? -- Independence and Civil War (part one) -- Whose revolution? (part two) -- Flowering or excess of democracy -- Counter-revolution of 1787?- New constitution, new nation -- George Washington's turbulent administration -- Liberty versus order -- The Jefferson enigma -- The forgotten and peculiar war of 1812 -- Birth of an era of revolutions -- Andrew Jackson's white male world and the start of modern politics -- The fraudulent Mexican-American War -- A broken Union -- The second American Civil War-the slow, perilous shift to emancipation -- Reconstruction, a failed experiment? -- Lies we tell ourselves about the old West -- Wealth and squalor in the Progressive Era -- The tragic dawn of overseas imperialism -- A savage war to end all wars, and a failed peace -- The decade the roared and wept -- FDR and his deal for a desperate time -- From isolationism to a Second World conflagration -- Just how good was the "Good War"? -- A cruel, costly, and anxious Cold War -- JFK's Cold War chains -- Vietnam, and American tragedy -- Civil rights, a dream deferred -- Nixon's dark legacy -- Carter's cage of crisis -- The Reagan revolution -- Bush the elder--struggling in Reagan's shadow -- Bill Clinton, the new Democrat -- Bush II and the birth of forever war -- The Obama disappointment -- Epilogue: A once, always, and future empire.
520 _a"Written by a combat veteran of the wars in Iraq and Afghanistan and a former professor of US history at West Point, his alma mater, this book grew out of the lectures Sjursen produced for the survey course he taught to cadets. Sjursen challenges readers to think deeply and critically and to apply common sense to their understanding of our republic's history. Covering all of the major events, movements and figures in American history, Sjursen flips the lens, offering fresh insights and uncommon empathy"--
_cPublisher.
650 0 _aExceptionalism
_zUnited States
_xHistory.
650 4 _aExcepcionalismo
_zEstados Unidos
_xHistoria
_948351
651 0 _aUnited States
_xHistory.
651 4 _aEstados Unidos
_xHistoria
_92894
651 0 _aUnited States
_xPolitics and government.
651 0 _aEstados Unidos
_xPolĂ­tica y gobierno
_92191
906 _a7
_bcbc
_ccopycat
_d2
_encip
_f20
_gy-gencatlg
942 _2lcc
_cBK
946 _illh
999 _c127004
_d127004